A munkahelyi mentálhigiéné vizsgálata fizikai és szellemi munkavállalók körében
| Main Author: | |
|---|---|
| Other Authors: | |
| Format: | Thesis |
| Kulcsszavak: | mentálhigiénia munkahely stressz stresszkezelés szellemi munka |
| Online Access: | http://dolgozattar.uni-bge.hu/59451 |
MARC
| LEADER | 00000nta a2200000 i 4500 | ||
|---|---|---|---|
| 001 | dolg59451 | ||
| 005 | 20260409145056.0 | ||
| 008 | 260409suuuu hu om 000 hun d | ||
| 040 | |a BGE Dolgozattár Repozitórium |b hun | ||
| 041 | |a hu | ||
| 100 | 1 | |a Szabó-Pénzes Boglárka | |
| 245 | 1 | 2 | |a A munkahelyi mentálhigiéné vizsgálata fizikai és szellemi munkavállalók körében |c Szabó-Pénzes Boglárka |h [elektronikus dokumentum] |
| 520 | 3 | |a Saját szakdolgozatomban a munkahelyi mentálhigiéné kérdését vizsgáltam fizikai és szellemi munkavállalók körében. Kutatásom célja az volt, hogy feltárjam, milyen eltérő stresszorok érik a két csoportot, milyen mentálhigiénés problémákkal szembesülnek, és milyen támogatási programok segíthetik őket. A dolgozatban szekunder szakirodalmi elemzést, mélyinterjúkat és kérdőíves felmérést alkalmaztam. Eredményeim alapján a fizikai dolgozók inkább a monotonitástól, autonómia hiányától és balesetveszélytől szenvednek, míg a szellemi munkavállalók körében gyakoribb a tartós stressz, a szerepkonfliktus és a kiégés. A vállalati mentálhigiénés programok - például stresszkezelő tréningek, csapatépítők, rugalmas munkavégzés - pozitív hatásúak, azonban ezek elérhetősége, formája és gyakorlati megvalósítása cégenként jelentősen különbözik. A kutatás rávilágított, hogy a prevenció, a támogató vállalati kultúra és a vezetői szerep kulcsfontosságú a munkavállalók mentális jóllétének fenntartásában. | |
| 695 | |a mentálhigiénia | ||
| 695 | |a munkahely | ||
| 695 | |a stressz | ||
| 695 | |a stresszkezelés | ||
| 695 | |a szellemi munka | ||
| 700 | 1 | |a Thuma Dr. Orsolya Klára |e ths | |
| 856 | 4 | 0 | |u http://dolgozattar.uni-bge.hu/59451/1/Szabo%CC%81-Pe%CC%81nzes%20Bogla%CC%81rka%20szakdolgozat.pdf |z Dokumentum-elérés |
| 856 | 4 | 0 | |u http://dolgozattar.uni-bge.hu/59451/2/Szabo%CC%81-Pe%CC%81nzes%20Bogla%CC%81rka_KeszeiBarbara.pdf |z Dokumentum-elérés |
| 856 | 4 | 0 | |u http://dolgozattar.uni-bge.hu/59451/3/Szab%C3%B3-P%C3%A9nzes%20Bogl%C3%A1rka%20b%C3%ADr%C3%A1lat%20KSZ.pdf |z Dokumentum-elérés |